Missing Word: Directed by David Quiz Stats

 Plays Quiz Updated Jul 17, 2018

Score 0/24 Timer 06:00
0 Plays Today
Director Missing word % Correct
David FincherDragon
97.3%
David LeanArabia
95%
David FincherFight
93.9%
David LeanBridge
90.6%
David LynchMan
90.6%
David FincherNetwork
90.1%
David YatesPrince
89.4%
David FincherRoom
89.1%
David LynchDrive
88.8%
David LynchBlue
84%
David ZuckerNaked
83.9%
David YatesOrder
83.9%
Director Missing word % Correct
David LeanZhivago
81.1%
David DobkinCrashers
79.4%
David LynchHeart
77.7%
David LeanPassage
76.9%
David YatesFantastic
70.6%
David ZuckerPeople
48.9%
David DobkinFred
43%
David DobkinKnights
33.1%
David DobkinClay
30.2%
David YatesTarzan
23.4%
David ZuckerSecret
22.4%
David ZuckerCarol
6.8%

Today's Daily Dose

Missing Word
Celine Dion

Word Ladder
Dr. Seuss Books

Quick Pick
Cities in India

Get the Picture
'A' Actresses

You're not logged in!

Compare scores with friends on all Sporcle quizzes.
OR
Log In

Sporcle TV

Today on Sporcle TV


Watch our educational content, quiz creation guides, and fun videos on Sporcle TV.

Show Comments

Extras

Top Quizzes Today


Score Distribution

Your Account Isn't Verified!

In order to create a playlist on Sporcle, you need to verify the email address you used during registration. Go to your Sporcle Settings to finish the process.

Report this User

Report this user for behavior that violates our Community Guidelines.

Details: